[Event "4NCL/Div2a/BRJ vs. ANGA"]
[Site "Sunningdale ENG"]
[Date "2008.10.05"]
[Round "2.5"]
[White "Richmond, Jane"]
[Black "Cook, Michael"]
[Result "1-0"]
[WhiteElo "2145"]
[BlackElo "2056"]
[PlyCount "41"]
[EventDate "2008.10.05"]
[SourceDate "2008.10.04"]

1. e4 e5 2. Nc3 Nf6 3. g3 d5 4. exd5 Nxd5 5. Bg2 Nf6 6. Nf3 Nc6 7. O-O Bc5 8.
Re1 O-O 9. d3 h6 10. Be3 Bxe3 11. Rxe3 Re8 12. Qe1 Ng4 13. Re2 Nd4 14. Nxd4
Qxd4 15. Nd5 Qc5 16. h3 Be6 17. hxg4 Bxd5 18. Rxe5 Rxe5 19. Qxe5 c6 20. c4 f6
21. Qf5 1-0

[Event "4NCL/Div2a/BRJ vs. ANGA"]
[Site "Sunningdale ENG"]
[Date "2008.10.05"]
[Round "2.6"]
[White "Player, Edmund C"]
[Black "Tomboline, David"]
[Result "1-0"]
[WhiteElo "2125"]
[BlackElo "2027"]
[PlyCount "95"]
[EventDate "2008.10.05"]
[SourceDate "2008.10.04"]

1. d4 e6 2. e4 d5 3. Nc3 dxe4 4. Nxe4 Bd7 5. Bd3 Bc6 6. Nf3 Nd7 7. O-O Ngf6 8.
Ned2 Be7 9. Re1 Bxf3 10. Nxf3 c5 11. c3 O-O 12. Qe2 cxd4 13. Nxd4 Re8 14. Bc2
a6 15. Bd2 Qc7 16. Rad1 Bc5 17. Bc1 Bd6 18. h3 Bf4 19. Bxf4 Qxf4 20. Nf3 Qc7
21. Rd4 Rad8 22. Red1 Nb8 23. Qe5 Qc8 24. Rxd8 Rxd8 25. Rxd8+ Qxd8 26. Nd4 h6
27. a3 Nbd7 28. Qd6 Qc8 29. Bd1 Ne4 30. Qe7 Nef6 31. Bf3 Nd5 32. Bxd5 exd5 33.
Nf5 Nc5 34. Qe5 Qf8 35. Ne7+ Kh8 36. Nxd5 Ne6 37. Ne3 Qd8 38. Qd5 Qb6 39. b4
Qc7 40. c4 Nf4 41. Qf5 Ne2+ 42. Kf1 Nd4 43. Qe4 Ne6 44. Kg1 Ng5 45. Qf5 Ne6 46.
c5 Kg8 47. Qe4 Qd7 48. Nc4 1-0

[Event "4NCL/Div2a/BRJ vs. ANGA"]
[Site "Sunningdale ENG"]
[Date "2008.10.05"]
[Round "2.7"]
[White "Streeter, Harry"]
[Black "Wallis, Ian"]
[Result "0-1"]
[WhiteElo "1924"]
[BlackElo "1951"]
[PlyCount "78"]
[EventDate "2008.10.05"]
[SourceDate "2008.10.04"]

1. e4 e5 2. Bc4 Nf6 3. d3 Nc6 4. Nf3 Be7 5. O-O O-O 6. Re1 d6 7. a4 Be6 8. Nbd2
Qd7 9. c3 Kh8 10. b4 Ng8 11. Qb3 Bxc4 12. Nxc4 f5 13. Ne3 f4 14. Nd5 g5 15. Nd2
g4 16. f3 Nf6 17. Bb2 Rg8 18. Qd1 Rg7 19. Kh1 Rag8 20. Qe2 Rg6 21. Nxf6 Bxf6
22. Rg1 g3 23. Nf1 Nd8 24. d4 Nf7 25. a5 Ng5 26. Rd1 Nh3 27. gxh3 g2+ 28. Rxg2
Rxg2 29. Qxg2 Rxg2 30. Kxg2 exd4 31. cxd4 Qb5 32. Rd2 Qxb4 33. e5 Be7 34. d5
Kg8 35. e6 c6 36. a6 cxd5 37. axb7 Qxb7 38. Bd4 a5 39. Ra2 Qb4 0-1

[Event "4NCL/Div2a/BRJ vs. ANGA"]
[Site "Sunningdale ENG"]
[Date "2008.10.05"]
[Round "2.8"]
[White "Egorova, Anna"]
[Black "Coats, Robbie J"]
[Result "1/2-1/2"]
[WhiteElo "1840"]
[BlackElo "1820"]
[PlyCount "41"]
[EventDate "2008.10.05"]
[SourceDate "2008.10.04"]

1. e4 e6 2. d4 d5 3. Nd2 Nf6 4. e5 Nfd7 5. Bd3 c5 6. c3 Nc6 7. Ne2 cxd4 8. cxd4
Qb6 9. Nf3 f6 10. exf6 Nxf6 11. a3 Bd6 12. Qc2 O-O 13. Be3 Bd7 14. Ne5 Qc7 15.
f4 Nxe5 16. fxe5 Qxc2 17. Bxc2 Ng4 18. Bg1 Be7 19. h3 Nh6 20. Bf2 Rac8 21. Bd3
1/2-1/2

[Event "4NCL/Div2a/PANDG vs. WES2"]
[Site "Sunningdale ENG"]
[Date "2008.10.05"]
[Round "2.1"]
[White "Civin, Tomas"]
[Black "Pleasants, Allan J"]
[Result "1-0"]
[WhiteElo "2419"]
[BlackElo "2100"]
[PlyCount "54"]
[EventDate "2008.10.05"]
[SourceDate "2008.10.04"]

1. d4 Nf6 2. c4 c5 3. d5 b5 4. cxb5 a6 5. e3 Bb7 6. Nc3 g6 7. e4 d6 8. Nf3 Bg7
9. a4 O-O 10. Be2 axb5 11. Bxb5 Na6 12. O-O Nb4 13. Bf4 Ne8 14. Qd2 Nc7 15. Bh6
e6 16. Bxg7 Kxg7 17. Bc4 exd5 18. exd5 Re8 19. Rae1 Rxe1 20. Rxe1 Ne8 21. b3
Nf6 22. Ng5 Qf8 23. Re6 h6 24. Rxf6 hxg5 25. Ne4 Qe7 26. f3 Qe5 27. Rxd6 Rh8
1-0

[Event "4NCL/Div2a/PANDG vs. WES2"]
[Site "Sunningdale ENG"]
[Date "2008.10.05"]
[Round "2.2"]
[White "Clark, Ian C"]
[Black "Ashton, Adam G"]
[Result "0-1"]
[WhiteElo "2106"]
[BlackElo "2325"]
[PlyCount "60"]
[EventDate "2008.10.05"]
[SourceDate "2008.10.04"]

1. e4 e5 2. Nf3 Nc6 3. Bc4 Nf6 4. Ng5 d5 5. exd5 Na5 6. Bb5+ c6 7. dxc6 bxc6 8.
Qf3 Rb8 9. Be2 Be7 10. Nc3 O-O 11. O-O Nd5 12. Nge4 f5 13. Nxd5 cxd5 14. Nc3 e4
15. Qh3 d4 16. Nd1 Qc7 17. d3 Qxc2 18. Bh5 Ba6 19. Bf4 Rbc8 20. dxe4 Qxe4 21.
Bd2 Bxf1 22. Kxf1 Nc4 23. Qb3 Kh8 24. Be1 Rfe8 25. Bxe8 Rxe8 26. Nc3 dxc3 27.
Bxc3 Bf6 28. Re1 Qd3+ 29. Kg1 Rxe1+ 30. Bxe1 Qxb3 0-1

[Event "4NCL/Div2a/PANDG vs. WES2"]
[Site "Sunningdale ENG"]
[Date "2008.10.05"]
[Round "2.3"]
[White "Walton, Alan J"]
[Black "Gregory, Keith D"]
[Result "1-0"]
[WhiteElo "2193"]
[BlackElo "2067"]
[PlyCount "107"]
[EventDate "2008.10.05"]
[SourceDate "2008.10.04"]

1. d4 d6 2. e4 g6 3. Nc3 Bg7 4. Nf3 a6 5. Be3 Nd7 6. Bd3 e6 7. O-O Ne7 8. Qd2
h6 9. Ne2 b6 10. a4 Bb7 11. c4 Nf6 12. d5 e5 13. h3 a5 14. b4 axb4 15. Qxb4 Ra5
16. Nd2 Nd7 17. Nb3 Ra8 18. a5 Nc8 19. Ra3 Bf8 20. Rfa1 c5 21. Qd2 Rb8 22. g3
Bg7 23. Rf1 Ra8 24. Rfa1 Rb8 25. Nc3 Kf8 26. Rf1 Ra8 27. Qa2 Rb8 28. a6 Ba8 29.
Nb5 Kg8 30. f4 Kh7 31. Qf2 Rf8 32. Nd2 Qe7 33. Nf3 Nf6 34. fxe5 dxe5 35. Nxe5
Nxe4 36. Bxe4 Bxe5 37. Bf4 Nd6 38. Bxe5 Qxe5 39. Nxd6 Qxd6 40. Rf3 f5 41. Bd3
b5 42. Re3 bxc4 43. Bxc4 Rfe8 44. Rfe1 Rxe3 45. Rxe3 Rb1+ 46. Re1 Rxe1+ 47.
Qxe1 Bxd5 48. Bxd5 Qxd5 49. a7 Qd4+ 50. Kf1 Qd3+ 51. Qe2 Qb1+ 52. Kf2 Qb7 53.
Qa2 Qa8 54. Qf7+ 1-0

[Event "4NCL/Div2a/PANDG vs. WES2"]
[Site "Sunningdale ENG"]
[Date "2008.10.05"]
[Round "2.4"]
[White "Kemp, Paul M"]
[Black "Birtwhistle, Nigel"]
[Result "0-1"]
[WhiteElo "2043"]
[BlackElo "2106"]
[PlyCount "38"]
[EventDate "2008.10.05"]
[SourceDate "2008.10.04"]

1. d4 Nf6 2. Bg5 Ne4 3. Bf4 Nc6 4. f3 e5 5. fxe4 exf4 6. Nf3 d5 7. exd5 Qxd5 8.
Qd2 Bb4 9. Nc3 Bxc3 10. Qxc3 Bg4 11. Rd1 O-O-O 12. Kf2 Rhe8 13. g3 Re3 14. Rd3
Bxf3 15. exf3 Qxf3+ 16. Kg1 fxg3 17. Qd2 Rxd3 18. Bxd3 Rxd4 19. Qg2 Qe3+ 0-1

[Event "4NCL/Div2a/PANDG vs. WES2"]
[Site "Sunningdale ENG"]
[Date "2008.10.05"]
[Round "2.5"]
[White "Dilley, Jason M"]
[Black "Taylor-Bowd, Phil"]
[Result "1/2-1/2"]
[WhiteElo "2156"]
[BlackElo "2025"]
[PlyCount "45"]
[EventDate "2008.10.05"]
[SourceDate "2008.10.04"]

1. d4 d5 2. Nf3 Nf6 3. c4 dxc4 4. Qa4+ c6 5. Qxc4 Bf5 6. Nc3 e6 7. Qb3 Qb6 8.
Nd2 Nbd7 9. Qxb6 Nxb6 10. e4 Bg6 11. f3 Nfd7 12. Nb3 a5 13. a4 Bb4 14. Bd2 O-O
15. Nb1 Bxd2+ 16. N1xd2 f6 17. Nc5 Nxc5 18. dxc5 Nd7 19. Rc1 Bf7 20. f4 e5 21.
f5 Rfd8 22. Bc4 Bxc4 23. Rxc4 1/2-1/2

[Event "4NCL/Div2a/PANDG vs. WES2"]
[Site "Sunningdale ENG"]
[Date "2008.10.05"]
[Round "2.6"]
[White "Krawczuk, Michael J"]
[Black "Cumbers, Paul"]
[Result "0-1"]
[WhiteElo "2045"]
[BlackElo "2165"]
[PlyCount "70"]
[EventDate "2008.10.05"]
[SourceDate "2008.10.04"]

1. e4 e6 2. d4 d5 3. Nd2 Be7 4. c3 c5 5. Bd3 Nc6 6. Ne2 cxd4 7. cxd4 dxe4 8.
Nxe4 Nf6 9. O-O O-O 10. Nxf6+ Bxf6 11. Be3 Qa5 12. Be4 Ne7 13. Qc2 g6 14. a3
Rd8 15. b4 Qb5 16. Nc3 Qe8 17. Rad1 Nd5 18. Qb3 Nxe3 19. fxe3 Bg5 20. Ne2 Bd7
21. Rc1 Ba4 22. Qc3 Rac8 23. Qd2 Bc6 24. Nc3 Bd5 25. Bd3 f5 26. Rfe1 Qe7 27.
Nxd5 exd5 28. Kf2 Qg7 29. Bb1 Rxc1 30. Rxc1 Qh6 31. Rc7 Qxh2 32. Rxb7 Re8 33.
Qa2 Bxe3+ 34. Kf3 Qh5+ 35. Kg3 f4# 0-1

[Event "4NCL/Div2a/PANDG vs. WES2"]
[Site "Sunningdale ENG"]
[Date "2008.10.05"]
[Round "2.7"]
[White "Coates, David"]
[Black "Tunks, Dominic"]
[Result "0-1"]
[WhiteElo "2012"]
[BlackElo "1945"]
[PlyCount "88"]
[EventDate "2008.10.05"]
[SourceDate "2008.10.04"]

1. e4 d6 2. d4 Nf6 3. Nc3 c6 4. Be3 Qb6 5. a3 g6 6. h3 Nbd7 7. Nf3 d5 8. e5 Ne4
9. Nxe4 dxe4 10. Ng5 Bh6 11. Nxe4 Bxe3 12. fxe3 Qxb2 13. Bd3 f5 14. exf6 Nxf6
15. O-O Nxe4 16. Bxe4 Be6 17. Qd3 Qb6 18. a4 Rd8 19. a5 Qc7 20. c4 Bf7 21. Rf2
O-O 22. a6 b6 23. Raf1 Qd6 24. d5 b5 25. cxb5 cxd5 26. Bf3 Rc8 27. Qd4 Rc5 28.
Be2 e5 29. Qb2 Rcc8 30. Rf6 Qc5 31. Qd2 Qc3 32. Qxc3 Rxc3 33. Bg4 Rc7 34. Rc6
Re7 35. Bc8 d4 36. exd4 exd4 37. Bb7 Rd8 38. Rd1 d3 39. Rc8 Rxc8 40. Bxc8 Bc4
41. Rd2 Bxb5 42. Bb7 Kg7 43. Kf2 Kf6 44. Rb2 Re2+ 0-1

[Event "4NCL/Div2a/PANDG vs. WES2"]
[Site "Sunningdale ENG"]
[Date "2008.10.05"]
[Round "2.8"]
[White "Thilaganathan, Jessica"]
[Black "Gallagher, Marie"]
[Result "1-0"]
[WhiteElo "1891"]
[BlackElo "1825"]
[PlyCount "69"]
[EventDate "2008.10.05"]
[SourceDate "2008.10.04"]

1. d4 d5 2. c4 Nf6 3. Nc3 e6 4. Bg5 Be7 5. Nf3 c6 6. e3 O-O 7. Qc2 Na6 8. a3
Nc7 9. Bd3 dxc4 10. Bxc4 Ncd5 11. e4 Nxc3 12. bxc3 b5 13. Bd3 h6 14. Bf4 Bb7
15. O-O c5 16. Qe2 c4 17. Bb1 Qa5 18. Rc1 Rfd8 19. Nd2 Qb6 20. Qd1 Qc6 21. f3
Qb6 22. a4 a6 23. Qc2 Nh7 24. Qb2 Qc6 25. Qc2 Rd7 26. Be3 Nf8 27. Ba2 e5 28. d5
Qg6 29. Rab1 Bc8 30. axb5 Rd6 31. Nxc4 Rf6 32. b6 Bh3 33. Nxe5 Qh5 34. f4 Bd6
35. Qd1 1-0

[Event "4NCL/Div2a/PANDG vs. OXF1"]
[Site "Hinckley Island ENG"]
[Date "2008.12.06"]
[Round "3.1"]
[White "Ashton, Adam G"]
[Black "Savage, Ben D"]
[Result "1/2-1/2"]
[WhiteElo "2325"]
[BlackElo "2308"]
[PlyCount "146"]
[EventDate "2008.12.06"]
[SourceDate "2008.10.04"]

1. e4 e5 2. Nf3 Nc6 3. Bb5 a6 4. Ba4 Nf6 5. O-O Be7 6. Re1 b5 7. Bb3 d6 8. c3
O-O 9. h3 Bb7 10. d4 Re8 11. Nbd2 Bf8 12. d5 Nb8 13. Nf1 Nbd7 14. Ng3 Nc5 15.
Bc2 c6 16. b4 Ncd7 17. dxc6 Bxc6 18. Bb3 h6 19. Nh2 Nb6 20. Ng4 Nc4 21. Qf3
Nxg4 22. Qxg4 Bd7 23. Nf5 Kh7 24. Bxc4 bxc4 25. Qf3 Qf6 26. Rd1 Rad8 27. Be3
Ba4 28. Rd5 g6 29. Ng3 Qxf3 30. gxf3 Bc6 31. Ra5 Bb7 32. Rd1 f5 33. Bb6 Rd7 34.
Kg2 Rf7 35. a4 h5 36. Re1 Re6 37. b5 axb5 38. Rxb5 Bc6 39. Rb4 h4 40. Rxc4 d5
41. exd5 Bxd5 42. Rxh4+ Kg8 43. a5 Be7 44. Ra4 Bc6 45. Rc4 Rf8 46. Bc5 Kf7 47.
Bxe7 Kxe7 48. Nf1 Rc8 49. Ne3 Rd6 50. Rb4 Rd3 51. c4 Ra3 52. Nd5+ Kd6 53. Rb6
Rxa5 54. Nb4 Kc5 55. Rxc6+ Rxc6 56. Nxc6 Kxc6 57. Kg3 Kd6 58. Rb1 Ra4 59. Rb6+
Ke7 60. c5 Kf7 61. Rb8 Rc4 62. Rc8 Rc1 63. c6 Ke7 64. Kg2 Kf6 65. h4 Kg7 66. c7
Kh7 67. Kg3 Rg1+ 68. Kh3 Rh1+ 69. Kg2 Rc1 70. h5 g5 71. Rf8 Rxc7 72. Rxf5 Kh6
73. Rxe5 Rf7 1/2-1/2

[Event "4NCL/Div2a/PANDG vs. OXF1"]
[Site "Hinckley Island ENG"]
[Date "2008.12.06"]
[Round "3.2"]
[White "Rose, Matthew"]
[Black "Burrows, Martin P"]
[Result "1-0"]
[WhiteElo "2249"]
[BlackElo "2196"]
[PlyCount "57"]
[EventDate "2008.12.06"]
[SourceDate "2008.10.04"]

1. e4 c5 2. c3 d5 3. exd5 Qxd5 4. d4 e6 5. Nf3 Nf6 6. Be3 cxd4 7. cxd4 Nc6 8.
Nc3 Qd6 9. Bd3 Be7 10. O-O O-O 11. a3 b6 12. Qe2 Bb7 13. Rad1 Rad8 14. Rfe1
Rfe8 15. Bb1 Qb8 16. Bg5 Nd5 17. Qe4 g6 18. Qh4 Rd7 19. Nxd5 Rxd5 20. Ba2 Rd7
21. Rxe6 Bxg5 22. Rxe8+ Qxe8 23. Nxg5 h5 24. Ne4 Kf8 25. Nf6 Qd8 26. Nxd7+ Qxd7
27. Qf6 Nd8 28. Re1 Bd5 29. Qh8# 1-0

[Event "4NCL/Div2a/PANDG vs. OXF1"]
[Site "Hinckley Island ENG"]
[Date "2008.12.06"]
[Round "3.3"]
[White "Cumbers, Paul"]
[Black "Shaw, David A"]
[Result "1-0"]
[WhiteElo "2165"]
[BlackElo "2250"]
[PlyCount "119"]
[EventDate "2008.12.06"]
[SourceDate "2008.10.04"]

1. d4 e6 2. c4 f5 3. g3 Nf6 4. Bg2 d5 5. Nf3 c6 6. O-O Bd6 7. Qc2 O-O 8. Ne5
Qe8 9. Nd2 Qh5 10. Ndf3 Ne4 11. Nd3 g5 12. Nfe5 Nd7 13. f3 Nef6 14. Bd2 Re8 15.
b4 Bc7 16. a4 Nxe5 17. Nxe5 Nd7 18. Nd3 Nb6 19. Nb2 Bd7 20. e4 Bd8 21. Qd3 Bf6
22. a5 Nxc4 23. Nxc4 dxc4 24. Qxc4 Qf7 25. Rae1 e5 26. Qxf7+ Kxf7 27. dxe5 Rxe5
28. f4 gxf4 29. Bxf4 Rb5 30. Bd6 Bc3 31. Rb1 Bd4+ 32. Kh1 Ke6 33. Bc5 Bxc5 34.
exf5+ Kd6 35. bxc5+ Kxc5 36. g4 Rg8 37. h3 h5 38. Bf3 hxg4 39. hxg4 Bc8 40. a6
b6 41. Rbc1+ Kd4 42. Rxc6 Rb2 43. Rh6 Bxa6 44. Rd1+ Ke3 45. Rh3 Kf4 46. Rd4+
Kg5 47. Rh2 Rxh2+ 48. Kxh2 Rg7 49. Kg3 Bb7 50. Be2 Bc6 51. Rd8 a5 52. Rh8 Bd5
53. Rh5+ Kf6 54. Kf4 Rb7 55. g5+ Kg7 56. f6+ Kg8 57. g6 Bb3 58. g7 Kf7 59. Rh6
Ke8 60. Rh8+ 1-0

[Event "4NCL/Div2a/PANDG vs. OXF1"]
[Site "Hinckley Island ENG"]
[Date "2008.12.06"]
[Round "3.4"]
[White "White, Michael J R"]
[Black "Bentley, John L"]
[Result "0-1"]
[WhiteElo "2242"]
[BlackElo "2227"]
[PlyCount "80"]
[EventDate "2008.12.06"]
[SourceDate "2008.10.04"]

1. e4 c5 2. Nf3 Nc6 3. d4 cxd4 4. Nxd4 g6 5. c4 Bg7 6. Be3 Nf6 7. Nc3 O-O 8.
Be2 d6 9. Nb3 b6 10. O-O Bb7 11. Rc1 Rc8 12. Qc2 Ne5 13. Nd2 Qc7 14. h3 Qb8 15.
Qb1 e6 16. f4 Bh6 17. g4 d5 18. cxd5 exd5 19. g5 Bxg5 20. fxg5 Nd3 21. Kg2 Nxc1
22. gxf6 Rxc3 23. bxc3 Nxe2 24. Qe1 Nxc3 25. Qh4 Kh8 26. Bh6 Re8 27. Bf4 Qd8
28. Qh6 Rg8 29. Be5 dxe4 30. Bxc3 e3+ 31. Nf3 Qd3 32. Bb4 Qe2+ 33. Kg1 Bxf3 34.
Qg5 Bb7 35. Qg3 Qc4 36. Rf4 Qc6 37. Kf1 Re8 38. Qh4 e2+ 39. Ke1 Qc1+ 40. Kf2
Qf1+ 0-1

[Event "4NCL/Div2a/PANDG vs. OXF1"]
[Site "Hinckley Island ENG"]
[Date "2008.12.06"]
[Round "3.5"]
[White "McCarthy, Kevin"]
[Black "Rawlinson, Aidan"]
[Result "1/2-1/2"]
[WhiteElo "2070"]
[BlackElo "2243"]
[PlyCount "80"]
[EventDate "2008.12.06"]
[SourceDate "2008.10.04"]

1. d4 d5 2. Nf3 Nf6 3. Bf4 c5 4. c3 Qb6 5. Qb3 c4 6. Qxb6 axb6 7. Nbd2 b5 8.
Bxb8 Rxb8 9. a3 Bf5 10. g3 e6 11. Bg2 Bd6 12. O-O Kd7 13. Ng5 Bg6 14. Rfe1 h6
15. Ngf3 Kc6 16. Nh4 Bh7 17. e4 Bxe4 18. Nxe4 Nxe4 19. Bxe4 dxe4 20. Rxe4 Ra8
21. Rae1 Rhd8 22. f4 g6 23. Nf3 Kb6 24. Ne5 Bxe5 25. fxe5 Ka5 26. Rf4 Rd7 27.
Ref1 Rf8 28. Rf6 Ka4 29. R1f2 Kb3 30. Kf1 Ra8 31. R6f3 Ra7 32. g4 Ra8 33. Ke1
Rh8 34. Rxf7 Rxf7 35. Rxf7 Kxb2 36. Kd2 Kxa3 37. Rxb7 Rf8 38. Rxb5 Rf2+ 39. Kd1
Rf3 40. Kd2 Rf2+ 1/2-1/2

[Event "4NCL/Div2a/PANDG vs. OXF1"]
[Site "Hinckley Island ENG"]
[Date "2008.12.06"]
[Round "3.6"]
[White "Eckersley-Waites, Tom"]
[Black "Birtwhistle, Nigel"]
[Result "0-1"]
[WhiteElo "2222"]
[BlackElo "2106"]
[PlyCount "98"]
[EventDate "2008.12.06"]
[SourceDate "2008.10.04"]

1. e4 c5 2. Nf3 g6 3. d4 cxd4 4. Nxd4 Nc6 5. c4 Nf6 6. Nc3 d6 7. Nc2 Bg7 8. Be2
O-O 9. O-O Nd7 10. Bd2 a5 11. Na3 Nc5 12. Nab5 Nd4 13. Nxd4 Bxd4 14. Bh6 Bxc3
15. bxc3 Re8 16. Qd4 e5 17. Qe3 Bd7 18. Rad1 Bc6 19. Bd3 Qe7 20. Bc2 Rad8 21.
Rd2 Rd7 22. Rfd1 f6 23. h4 Kh8 24. Re2 Qe6 25. Qf3 Rg8 26. Be3 Rgd8 27. h5 g5
28. Bxc5 dxc5 29. Rd5 Bxd5 30. exd5 Qd6 31. Bf5 Re7 32. Qe4 Qc7 33. g3 Rd6 34.
Rd2 Rb6 35. h6 Qd6 36. Kf1 Qd8 37. Ke2 Rd6 38. Rd1 Qe8 39. Qg4 Qa4 40. Rd2 Qe8
41. Rb2 Qa4 42. Bc2 Qe8 43. Bf5 Qa4 44. Rb5 Rxd5 45. Bd3 Rd8 46. Qf5 Rf8 47.
Rxc5 e4 48. Bxe4 Rxe4+ 49. Kf1 Qe8 0-1

[Event "4NCL/Div2a/PANDG vs. OXF1"]
[Site "Hinckley Island ENG"]
[Date "2008.12.06"]
[Round "3.7"]
[White "Coates, David"]
[Black "Smallbone, Kieran"]
[Result "0-1"]
[WhiteElo "2012"]
[BlackElo "2235"]
[PlyCount "64"]
[EventDate "2008.12.06"]
[SourceDate "2008.10.04"]

1. e4 c6 2. d4 d5 3. exd5 cxd5 4. c4 Nf6 5. Nc3 Nc6 6. Bg5 Be6 7. Nge2 dxc4 8.
Bxf6 exf6 9. d5 Ne5 10. Ng3 Bg4 11. Qd2 Bd6 12. h3 Bc8 13. O-O-O O-O 14. Kb1 a6
15. Nge4 b5 16. Nxd6 Qxd6 17. g4 f5 18. f4 Ng6 19. Ne2 fxg4 20. h4 Bf5+ 21. Ka1
Be4 22. Rh2 Bf3 23. h5 Bxe2 24. Qxe2 g3 25. hxg6 gxh2 26. gxh7+ Kh8 27. Qxh2
Rad8 28. Bg2 Qf6 29. Qg3 Rfe8 30. Qf3 Qf5 31. Rb1 Qd3 32. Qh5 c3 0-1

[Event "4NCL/Div2a/PANDG vs. OXF1"]
[Site "Hinckley Island ENG"]
[Date "2008.12.06"]
[Round "3.8"]
[White "Tidman, Sophie"]
[Black "Milson, Samuel"]
[Result "1-0"]
[WhiteElo "2095"]
[BlackElo "1955"]
[PlyCount "83"]
[EventDate "2008.12.06"]
[SourceDate "2008.10.04"]

1. e4 e6 2. d4 d5 3. e5 c5 4. c3 Nc6 5. Nf3 Qb6 6. a3 a5 7. Bd3 Bd7 8. Bc2 Qa6
9. Ng5 g6 10. Qf3 Nd8 11. h4 h5 12. Nxf7 Nxf7 13. Bxg6 O-O-O 14. Bxf7 Be7 15.
Bxh5 Rf8 16. Qd1 Be8 17. Be2 Qb6 18. h5 Nh6 19. g4 Qd8 20. Be3 Bg5 21. Qd2 Rfg8
22. Bxg5 Rxg5 23. f3 Rg7 24. dxc5 Qe7 25. Qd4 Nf7 26. Nd2 Qc7 27. f4 Nh6 28. g5
Nf5 29. Qf2 Rgh7 30. h6 Bg6 31. O-O-O Qc6 32. Nf3 Qa4 33. Ne1 Rc7 34. Bd3 Qc6
35. Nf3 Qa4 36. Nd4 Nxd4 37. Qxd4 Qe8 38. Bxg6 Qxg6 39. Qd3 Qf7 40. Rdf1 Qf8
41. f5 Qg8 42. g6 1-0

[Event "4NCL/Div2a/JUTK vs. BRJ"]
[Site "Hinckley Island ENG"]
[Date "2008.12.06"]
[Round "3.1"]
[White "Williams, Simon K"]
[Black "Cabero, Pablo Padilla"]
[Result "1-0"]
[WhiteElo "2494"]
[BlackElo "2163"]
[PlyCount "55"]
[EventDate "2008.12.06"]
[SourceDate "2008.10.04"]

1. d4 d5 2. c4 e6 3. Nc3 f5 4. Bf4 Nf6 5. e3 c6 6. h3 Be7 7. Nf3 O-O 8. g4 dxc4
9. gxf5 Nd5 10. Bxc4 Nd7 11. Nxd5 exd5 12. Bd3 Bb4+ 13. Kf1 Qe7 14. Rg1 Kh8 15.
Ne5 Qh4 16. Qg4 Qxg4 17. hxg4 Nf6 18. Rh1 Kg8 19. Ke2 Be7 20. f3 Nd7 21. f6
Rxf6 22. Bxh7+ Kf8 23. Bg6 Kg8 24. Bh7+ Kf8 25. g5 Rxf4 26. Ng6+ Ke8 27. Nxf4
Bxg5 28. Ne6 1-0

[Event "4NCL/Div2a/JUTK vs. BRJ"]
[Site "Hinckley Island ENG"]
[Date "2008.12.06"]
[Round "3.2"]
[White "Haydon, Richard"]
[Black "Mack, Andy"]
[Result "1/2-1/2"]
[WhiteElo "2196"]
[BlackElo "2235"]
[PlyCount "37"]
[EventDate "2008.12.06"]
[SourceDate "2008.10.04"]

1. g3 e5 2. Bg2 g6 3. c4 Bg7 4. Nc3 d6 5. d3 Nc6 6. Rb1 Nge7 7. b4 O-O 8. e3 f5
9. b5 Nb8 10. Nge2 Nd7 11. O-O Nf6 12. d4 e4 13. f3 exf3 14. Bxf3 Kh8 15. Qd3
Rb8 16. Bd2 d5 17. Nf4 dxc4 18. Qxc4 Re8 19. Rfc1 1/2-1/2

[Event "4NCL/Div2a/JUTK vs. BRJ"]
[Site "Hinckley Island ENG"]
[Date "2008.12.06"]
[Round "3.3"]
[White "Naylor, John"]
[Black "Hall, Daniel J"]
[Result "1/2-1/2"]
[WhiteElo "2191"]
[BlackElo "2123"]
[PlyCount "63"]
[EventDate "2008.12.06"]
[SourceDate "2008.10.04"]

1. e4 c5 2. Nf3 e6 3. d4 cxd4 4. Nxd4 Nf6 5. Nc3 d6 6. Be2 Be7 7. O-O Nc6 8.
Be3 O-O 9. f4 a6 10. Qe1 Bd7 11. Qg3 Qc7 12. Rae1 g6 13. Kh1 b5 14. a3 Rad8 15.
f5 Nxd4 16. Bxd4 e5 17. Be3 Bc6 18. Bg5 d5 19. Qh4 d4 20. Nd1 Rd6 21. Bd3 Qd8
22. Rf3 h5 23. Ref1 Kg7 24. Rg3 Rh8 25. Rgf3 Rf8 26. fxg6 fxg6 27. Qg3 Re6 28.
Nf2 Nh7 29. Rxf8 Nxf8 30. Nh3 Nh7 31. Qf3 Qe8 32. Qg3 1/2-1/2

[Event "4NCL/Div2a/JUTK vs. BRJ"]
[Site "Hinckley Island ENG"]
[Date "2008.12.06"]
[Round "3.4"]
[White "Girdlestone, Paul"]
[Black "Karayiannis, Costas"]
[Result "1/2-1/2"]
[WhiteElo "2100"]
[BlackElo "2166"]
[PlyCount "22"]
[EventDate "2008.12.06"]
[SourceDate "2008.10.04"]

1. d4 e6 2. Nf3 Nf6 3. g3 d5 4. Bg2 Be7 5. c4 O-O 6. O-O dxc4 7. Nbd2 c5 8.
Nxc4 Nc6 9. dxc5 Bxc5 10. Be3 Bxe3 11. Nxe3 Qe7 1/2-1/2

[Event "4NCL/Div2a/JUTK vs. BRJ"]
[Site "Hinckley Island ENG"]
[Date "2008.12.06"]
[Round "3.5"]
[White "Rice, Chris"]
[Black "Richmond, Jane"]
[Result "1/2-1/2"]
[WhiteElo "2107"]
[BlackElo "2145"]
[PlyCount "108"]
[EventDate "2008.12.06"]
[SourceDate "2008.10.04"]

1. c4 e5 2. g3 g6 3. Bg2 Bg7 4. Nc3 d6 5. e4 Nc6 6. Nge2 Be6 7. d3 f5 8. O-O
fxe4 9. Nxe4 Nge7 10. Bg5 O-O 11. Qd2 Qd7 12. Bh6 Bxh6 13. Qxh6 Nf5 14. Qd2 Kg7
15. N4c3 Ncd4 16. Nxd4 Nxd4 17. f3 Rf7 18. Ne2 Nxe2+ 19. Qxe2 Raf8 20. Rae1 Rf6
21. b3 c5 22. Qb2 g5 23. b4 b6 24. bxc5 bxc5 25. Rb1 R8f7 26. Qb5 Qxb5 27. Rxb5
Bd7 28. Ra5 Bc6 29. Ra6 Bxf3 30. Bxf3 Rxf3 31. Rxf3 Rxf3 32. Rxd6 e4 33. dxe4
Rc3 34. Ra6 Rxc4 35. Rxa7+ Kf6 36. Rc7 Ke5 37. Kf2 Kxe4 38. Re7+ Kd3 39. Re3+
Kd4 40. Re2 Rc3 41. Rd2+ Kc4 42. Ke2 g4 43. Kd1 Rf3 44. Kc2 h5 45. Kb2 Kb4 46.
Kc2 c4 47. Rd8 Rf2+ 48. Rd2 Rf5 49. Rd8 Ra5 50. Rb8+ Kc5 51. Kb2 Kd4 52. Rd8+
Ke3 53. Rc8 Kd4 54. Rd8+ Ke3 1/2-1/2

[Event "4NCL/Div2a/JUTK vs. BRJ"]
[Site "Hinckley Island ENG"]
[Date "2008.12.06"]
[Round "3.6"]
[White "Rabbitt, Michael"]
[Black "Howell, Christopher"]
[Result "0-1"]
[WhiteElo "2025"]
[BlackElo "2101"]
[PlyCount "98"]
[EventDate "2008.12.06"]
[SourceDate "2008.10.04"]

1. d4 Nf6 2. Bg5 Ne4 3. h4 Nxg5 4. hxg5 c5 5. dxc5 Qa5+ 6. Nd2 Qxc5 7. g6 fxg6
8. e3 d5 9. Ngf3 Bf5 10. c4 Nc6 11. a3 e6 12. Rc1 Qa5 13. cxd5 exd5 14. Qb3
O-O-O 15. Ne5 Qc7 16. Ba6 Rd6 17. Be2 Re6 18. Nef3 Kb8 19. Qxd5 Nb4 20. Rxc7
Nxd5 21. Rc1 Re8 22. Bb5 Re7 23. Nd4 Bd7 24. Bd3 Nf4 25. Bf1 Re8 26. g3 Ne6 27.
N2f3 Nxd4 28. Nxd4 Bd6 29. Bh3 Bxh3 30. Rxh3 h6 31. Ke2 Be5 32. Rh4 g5 33. Re4
Bf6 34. Rxe8+ Rxe8 35. Kd3 Rc8 36. Rxc8+ Kxc8 37. b3 Kd7 38. Ke4 g6 39. Kd5 h5
40. Nf3 h4 41. g4 h3 42. e4 Bb2 43. a4 Bc1 44. b4 Bf4 45. b5 h2 46. Nxh2 Bxh2
47. a5 a6 48. bxa6 bxa6 49. Kc5 Bc7 0-1

[Event "4NCL/Div2a/JUTK vs. BRJ"]
[Site "Hinckley Island ENG"]
[Date "2008.12.06"]
[Round "3.7"]
[White "Rich, Mark"]
[Black "Bourne, Johnathan"]
[Result "0-1"]
[WhiteElo "2170"]
[BlackElo "2083"]
[PlyCount "104"]
[EventDate "2008.12.06"]
[SourceDate "2008.10.04"]

1. e4 c6 2. c4 e5 3. Nf3 d6 4. d4 Qc7 5. Nc3 g6 6. Be3 Nd7 7. Be2 Bg7 8. Qd2
Ngf6 9. h3 O-O 10. dxe5 dxe5 11. O-O-O b5 12. cxb5 cxb5 13. Bxb5 Nxe4 14. Qc2
Nxc3 15. Qxc3 Qxc3+ 16. bxc3 Nb6 17. Bc5 Bf5 18. Bxf8 Bxf8 19. Nxe5 Rc8 20. Bd3
Bh6+ 21. Kb2 Be6 22. c4 f6 23. Ng4 Bg7 24. Rhe1 Bd7 25. Re7 f5+ 26. Rxg7+ Kxg7
27. Ne5 Be6 28. Kb3 Kf6 29. Re1 Rc5 30. f4 Rb5+ 31. Kc3 Na4+ 32. Kd4 Rb2 33.
Re2 Rb8 34. Nc6 Rc8 35. Nxa7 Rd8+ 36. Ke3 Nc5 37. Bb1 Bxc4 38. Rb2 Ne6 39. Nc6
Rd1 40. Ne5 Bd5 41. g4 Rh1 42. g5+ Ke7 43. Nf3 Bxf3 44. Kxf3 Rxh3+ 45. Kg2
Nxf4+ 46. Kg1 Rg3+ 47. Kf1 Rxg5 48. Rb7+ Kf6 49. Rxh7 Rg2 50. Rh4 Rb2 51. Rxf4
Rxb1+ 52. Kg2 Rb2+ 0-1